Quelle est la réponse la plus trouvée? - Statistiques

Statistiques générales
  • Ce quiz a été pris 176 fois
  • Le résultat moyen est 14 sur 20
Statistiques - réponses
Hint Réponse % Correct
Pays du monde France
99%
Test de Rapidité : Allez de 1 à 100 1
95%
12 mois en 15 secondes Janvier
95%
Pays d'Afrique Algérie
90%
Pays d'Asie Chine
89%
Pays d'Europe Espagne
89%
Capitales du Monde Paris
89%
Pays d'Océanie Australie
85%
Pays d'Amérique du Sud Brésil
84%
100 Personnages de la saga Harry Potter Harry Potter
82%
Les 8 Planètes du Système Solaire Mars
81%
Drapeaux du Monde Etats-Unis
80%
États des États-Unis Californie
68%
Clubs Vainqueurs de la Ligue des Champions Real Madrid
60%
Régions de France Bretagne
57%
Les 100 prénoms les plus portés en France Jean
47%
Les 151 Pokémon de la Première Génération Salamèche
47%
Tableau périodique des éléments Hydrogène
46%
Pays aléatoires par drapeau Canada
32%
Départements français Loire
14%
Aucun quiz correspondant
Distribution des résultats
% des personnes avec chaque résultat
Percentile par nombre de réponses
Votre historique - résultats
Vous n’avez pas pris ce quiz